000 00589cam a2200205 4500500
005 20260329003018.0
041 _afre
042 _adc
100 1 0 _aTenaillon, Nicolas
_eauthor
245 0 0 _aMes blagues, ma philosophie
260 _c2014.
500 _a25
690 _aHumour
690 _aInconscient
690 _aMorale
690 _aPolitique
690 _aSlavoj Žižek
786 0 _nPhilosophie magazine | 80 | 6 | 2014-06-01 | p. 50-50 | 1951-1787
856 4 1 _uhttps://shs.cairn.info/magazine-philosophie-magazine-2014-6-page-50?lang=fr&redirect-ssocas=7080
999 _c1820512
_d1820512